[Event "EYCC 2024 - G16"]
[Site "?"]
[Date "2024.08.26"]
[Round "5.1"]
[White "Szczotka, Klara"]
[Black "Shvedova, Alexandra"]
[Result "1-0"]
[BlackElo "2219"]
[WhiteElo "2053"]
[LiveChessVersion "1.4.8"]

1. d4 {[%clk 1:30:59]} Nf6 {[%clk 1:30:53]} 2. Nc3 {[%clk 1:31:17]} d5
{[%clk 1:31:07]} 3. Bf4 {[%clk 1:31:38]} a6 {[%clk 1:30:59]} 4. e3
{[%clk 1:31:54]} c5 {[%clk 1:30:23]} 5. dxc5 {[%clk 1:32:11]} Qa5
{[%clk 1:30:09]} 6. Nf3 {[%clk 1:27:59]} Qxc5 {[%clk 1:26:42]} 7. Qd4
{[%clk 1:16:55]} e6 {[%clk 1:24:09]} 8. O-O-O {[%clk 1:16:23]} Nc6
{[%clk 1:19:04]} 9. Qxc5 {[%clk 1:16:45]} Bxc5 {[%clk 1:19:28]} 10. h3
{[%clk 1:16:55]} b5 {[%clk 1:13:22]} 11. g4 {[%clk 1:13:33]} Bb7 {[%clk 1:12:23]}
12. Bg2 {[%clk 1:13:44]} O-O {[%clk 1:06:23]} 13. Ne5 {[%clk 1:03:21]} Rfd8
{[%clk 1:02:58]} 14. g5 {[%clk 1:00:35]} Nxe5 {[%clk 0:54:48]} 15. Bxe5
{[%clk 1:01:00]} Nd7 {[%clk 0:55:02]} 16. Bg3 {[%clk 1:01:18]} Rac8
{[%clk 0:53:01]} 17. h4 {[%clk 0:59:06]} Nb6 {[%clk 0:49:57]} 18. Ne2
{[%clk 0:54:40]} Nc4 {[%clk 0:39:07]} 19. Nd4 {[%clk 0:52:58]} Be7
{[%clk 0:34:44]} 20. Bf1 {[%clk 0:45:15]} b4 {[%clk 0:29:34]} 21. Rg1
{[%clk 0:42:31]} a5 {[%clk 0:27:39]} 22. Bd3 {[%clk 0:41:14]} a4 {[%clk 0:26:05]}
23. Bh2 {[%clk 0:37:24]} a3 {[%clk 0:23:52]} 24. b3 {[%clk 0:35:58]} Nb2
{[%clk 0:19:05]} 25. Rd2 {[%clk 0:36:19]} Nxd3+ {[%clk 0:19:17]} 26. Rxd3
{[%clk 0:36:48]} Rc5 {[%clk 0:19:17]} 27. h5 {[%clk 0:36:16]} Bc8
{[%clk 0:18:34]} 28. Be5 {[%clk 0:32:36]} Kf8 {[%clk 0:17:34]} 29. Nf3
{[%clk 0:28:09]} Rc6 {[%clk 0:10:15]} 30. Bd4 {[%clk 0:27:36]} Re8
{[%clk 0:06:18]} 31. Ne5 {[%clk 0:24:48]} Rc7 {[%clk 0:06:04]} 32. f4
{[%clk 0:23:46]} f6 {[%clk 0:03:42]} 33. Nf3 {[%clk 0:23:47]} Bc5
{[%clk 0:03:04]} 34. h6 {[%clk 0:16:28]} gxh6 {[%clk 0:02:41]} 35. gxf6
{[%clk 0:16:13]} Bxd4 {[%clk 0:02:57]} 36. Rxd4 {[%clk 0:16:34]} Rf7
{[%clk 0:02:42]} 37. Ne5 {[%clk 0:16:22]} Rxf6 {[%clk 0:03:05]} 38. Rxb4
{[%clk 0:16:48]} h5 {[%clk 0:02:46]} 39. Ra4 {[%clk 0:15:50]} h4 {[%clk 0:02:04]}
40. Ra7 {[%clk 0:15:47]} Re7 {[%clk 0:01:32]} 41. Rxe7 {[%clk 0:16:00]} Kxe7
{[%clk 0:01:59]} 42. Rg7+ {[%clk 0:16:26]} Kd6 {[%clk 0:01:53]} 43. Rxh7
{[%clk 0:16:11]} Rf8 {[%clk 0:02:18]} 44. Rxh4 {[%clk 0:16:27]} Rg8
{[%clk 0:02:43]} 45. Rg4 {[%clk 0:16:39]} Rf8 {[%clk 0:02:49]} 46. Kd2
{[%clk 0:15:44]} Kc5 {[%clk 0:02:44]} 47. Rg7 {[%clk 0:15:13]} Rh8
{[%clk 0:01:11]} 48. Ra7 {[%clk 0:14:46]} d4 {[%clk 0:00:50]} 49. exd4+
{[%clk 0:13:39]} Kxd4 {[%clk 0:01:12]} 50. Ra4+ {[%clk 0:14:08]} Kd5
{[%clk 0:01:14]} 51. Rxa3 {[%clk 0:14:15]} Ke4 {[%clk 0:01:29]} 52. Ra4+
{[%clk 0:14:08]} Kf5 {[%clk 0:01:53]} 53. Rd4 {[%clk 0:13:46]} Bb7
{[%clk 0:02:00]} 54. a4 {[%clk 0:13:32]} Be4 {[%clk 0:01:43]} 55. Nd3
{[%clk 0:13:46]} Ra8 {[%clk 0:02:07]} 56. Nc5 {[%clk 0:13:28]} Bc6
{[%clk 0:02:08]} 57. Rd6 {[%clk 0:13:16]} Bd5 {[%clk 0:02:08]} 58. c4
{[%clk 0:13:29]} Bg2 {[%clk 0:00:48]} 59. Nxe6 {[%clk 0:13:41]} Be4
{[%clk 0:00:47]} 60. Kc3 {[%clk 0:13:22]} 1-0

[Event "EYCC 2024 - G16"]
[Site "?"]
[Date "2024.08.26"]
[Round "5.2"]
[White "Trunz, Michelle"]
[Black "Tsetskhladze, Mariam"]
[Result "1/2-1/2"]
[BlackElo "2040"]
[WhiteElo "2055"]
[LiveChessVersion "1.4.8"]

1. d4 {[%clk 1:30:59]} Nf6 {[%clk 1:30:52]} 2. c4 {[%clk 1:31:25]} e6
{[%clk 1:31:12]} 3. Nc3 {[%clk 1:31:51]} Bb4 {[%clk 1:31:36]} 4. e3
{[%clk 1:32:14]} O-O {[%clk 1:31:53]} 5. Nge2 {[%clk 1:32:41]} d5
{[%clk 1:32:09]} 6. a3 {[%clk 1:33:06]} Bd6 {[%clk 1:32:24]} 7. c5
{[%clk 1:33:33]} Be7 {[%clk 1:32:49]} 8. b4 {[%clk 1:27:27]} c6 {[%clk 1:33:03]}
9. Bb2 {[%clk 1:26:27]} b6 {[%clk 1:31:16]} 10. Nf4 {[%clk 1:24:41]} a5
{[%clk 1:28:33]} 11. Be2 {[%clk 1:17:06]} Ba6 {[%clk 1:20:10]} 12. O-O
{[%clk 1:09:40]} Nbd7 {[%clk 1:19:11]} 13. Nd3 {[%clk 1:07:05]} Bc4
{[%clk 1:14:47]} 14. f4 {[%clk 1:02:39]} axb4 {[%clk 1:07:24]} 15. axb4
{[%clk 1:02:38]} Rxa1 {[%clk 1:05:06]} 16. Qxa1 {[%clk 1:03:07]} Qa8
{[%clk 1:02:49]} 17. Qxa8 {[%clk 0:58:42]} Rxa8 {[%clk 1:03:16]} 18. Ra1
{[%clk 0:45:45]} Rxa1+ {[%clk 1:01:27]} 19. Bxa1 {[%clk 0:46:14]} Bd8
{[%clk 0:56:59]} 20. cxb6 Bxb6 {[%clk 0:52:32]} 21. Nc5 {[%clk 0:38:33]} Bxe2
{[%clk 0:49:20]} 22. Nxe2 {[%clk 0:38:34]} Nb8 {[%clk 0:47:49]} 23. h3
{[%clk 0:35:35]} h5 {[%clk 0:43:38]} 24. Nc1 {[%clk 0:34:12]} Ne8
{[%clk 0:39:37]} 25. N1d3 {[%clk 0:32:23]} Nd6 {[%clk 0:38:08]} 26. Kf2
{[%clk 0:27:44]} Kf8 {[%clk 0:32:53]} 27. Ke2 {[%clk 0:26:28]} Ke7
{[%clk 0:32:26]} 28. Bc3 {[%clk 0:22:56]} f6 {[%clk 0:25:56]} 29. g4
{[%clk 0:22:07]} hxg4 {[%clk 0:24:55]} 30. hxg4 {[%clk 0:22:36]} Nb5
{[%clk 0:22:19]} 31. Be1 {[%clk 0:22:44]} Bc7 {[%clk 0:21:35]} 32. Bh4
{[%clk 0:20:22]} Nd7 {[%clk 0:18:42]} 33. g5 {[%clk 0:17:49]} Nxc5
{[%clk 0:13:06]} 34. gxf6+ {[%clk 0:18:02]} gxf6 {[%clk 0:13:32]} 35. bxc5
{[%clk 0:18:03]} Kf7 {[%clk 0:12:40]} 36. Nf2 {[%clk 0:14:34]} Kg6
{[%clk 0:12:18]} 37. Kf3 {[%clk 0:10:48]} e5 {[%clk 0:09:17]} 38. fxe5
{[%clk 0:10:53]} fxe5 {[%clk 0:09:47]} 39. dxe5 {[%clk 0:10:45]} Bxe5
{[%clk 0:10:16]} 40. Nd3 {[%clk 0:10:54]} Bc3 {[%clk 0:10:02]} 41. Kf4
{[%clk 0:09:45]} Na3 {[%clk 0:08:09]} 42. e4 {[%clk 0:05:31]} dxe4
{[%clk 0:08:13]} 43. Kxe4 {[%clk 0:05:59]} Nb5 {[%clk 0:07:58]} 44. Ne5+
{[%clk 0:04:48]} Bxe5 {[%clk 0:08:15]} 45. Kxe5 {[%clk 0:05:14]} Nc3
{[%clk 0:08:28]} 46. Kd6 {[%clk 0:05:20]} Ne4+ {[%clk 0:08:51]} 47. Kxc6
{[%clk 0:05:46]} Nxc5 {[%clk 0:09:17]} 1/2-1/2

[Event "EYCC 2024 - G16"]
[Site "?"]
[Date "2024.08.26"]
[Round "5.3"]
[White "Gkoutzouki, Aikaterini Argyro"]
[Black "Yildiz, Elif Zeren"]
[Result "0-1"]
[BlackElo "1934"]
[WhiteElo "1986"]
[LiveChessVersion "1.4.8"]

1. d4 {[%clk 1:30:58]} Nf6 {[%clk 1:30:47]} 2. c4 {[%clk 1:31:17]} e6
{[%clk 1:31:12]} 3. Nf3 {[%clk 1:31:30]} Bb4+ {[%clk 1:31:35]} 4. Nbd2
{[%clk 1:31:33]} b6 {[%clk 1:31:33]} 5. a3 {[%clk 1:29:15]} Bxd2+
{[%clk 1:31:34]} 6. Qxd2 {[%clk 1:28:35]} Bb7 {[%clk 1:31:59]} 7. g3
{[%clk 1:27:03]} d6 {[%clk 1:27:51]} 8. Bg2 {[%clk 1:27:17]} Nbd7
{[%clk 1:28:15]} 9. O-O {[%clk 1:27:05]} Qe7 {[%clk 1:25:51]} 10. b4
{[%clk 1:25:12]} O-O {[%clk 1:24:24]} 11. Bb2 {[%clk 1:22:13]} Ne4
{[%clk 1:14:31]} 12. Qc2 {[%clk 1:16:11]} f5 {[%clk 1:14:51]} 13. Ne1
{[%clk 1:15:40]} c5 {[%clk 1:05:26]} 14. dxc5 {[%clk 1:01:37]} bxc5
{[%clk 0:58:27]} 15. Nd3 {[%clk 0:58:14]} Rac8 {[%clk 0:54:14]} 16. b5
{[%clk 0:50:43]} d5 {[%clk 0:46:07]} 17. Ne5 {[%clk 0:48:04]} d4 {[%clk 0:42:14]}
18. Nxd7 {[%clk 0:40:01]} Qxd7 {[%clk 0:42:41]} 19. a4 {[%clk 0:36:59]} Nd6
{[%clk 0:40:31]} 20. Bxb7 {[%clk 0:33:28]} Qxb7 {[%clk 0:40:59]} 21. e3
{[%clk 0:33:11]} e5 {[%clk 0:40:36]} 22. exd4 {[%clk 0:32:37]} exd4
{[%clk 0:40:40]} 23. Rfe1 {[%clk 0:29:02]} Qf7 {[%clk 0:33:39]} 24. Rac1
{[%clk 0:28:22]} Ne4 {[%clk 0:31:16]} 25. f3 {[%clk 0:23:08]} Ng5
{[%clk 0:29:04]} 26. Qg2 {[%clk 0:21:55]} Qb7 {[%clk 0:26:17]} 27. Rf1
{[%clk 0:18:30]} Rfe8 {[%clk 0:26:11]} 28. h4 {[%clk 0:18:08]} Nf7
{[%clk 0:26:40]} 29. Rc2 {[%clk 0:13:26]} Ne5 {[%clk 0:26:16]} 30. f4
{[%clk 0:12:24]} Qxg2+ {[%clk 0:26:27]} 31. Kxg2 {[%clk 0:12:50]} Ng4
{[%clk 0:25:26]} 32. Bc1 {[%clk 0:13:12]} Rcd8 {[%clk 0:25:03]} 33. Rd1
{[%clk 0:09:59]} d3 {[%clk 0:20:18]} 34. Rb2 {[%clk 0:09:58]} Rd4
{[%clk 0:20:33]} 35. a5 {[%clk 0:08:42]} Re2+ {[%clk 0:17:15]} 36. Kg1
{[%clk 0:06:37]} Rxc4 {[%clk 0:08:37]} 37. Rxe2 {[%clk 0:07:04]} dxe2
{[%clk 0:09:05]} 38. Re1 {[%clk 0:07:27]} Rb4 {[%clk 0:08:34]} 39. b6
{[%clk 0:07:03]} axb6 {[%clk 0:08:57]} 40. axb6 {[%clk 0:07:31]} Rxb6
{[%clk 0:09:19]} 41. Rxe2 {[%clk 0:07:44]} Nf6 {[%clk 0:09:39]} 42. Re5
{[%clk 0:06:52]} Ne4 {[%clk 0:10:02]} 43. Be3 {[%clk 0:06:59]} Rb3
{[%clk 0:09:03]} 44. Bxc5 {[%clk 0:07:03]} Rxg3+ {[%clk 0:09:26]} 45. Kh2
{[%clk 0:06:20]} Rg4 {[%clk 0:09:48]} 46. Be3 {[%clk 0:03:51]} Rxh4+
{[%clk 0:08:59]} 47. Kg2 {[%clk 0:04:03]} Rh5 {[%clk 0:09:12]} 48. Ra5
{[%clk 0:04:00]} Nf6 {[%clk 0:07:34]} 49. Bd4 {[%clk 0:03:44]} Kf7
{[%clk 0:07:15]} 50. Ra7+ {[%clk 0:03:56]} Kg6 {[%clk 0:07:24]} 51. Ra6
{[%clk 0:03:52]} Rh4 {[%clk 0:07:48]} 52. Bxf6 {[%clk 0:04:02]} gxf6
{[%clk 0:08:17]} 53. Kf3 {[%clk 0:03:31]} Rh3+ {[%clk 0:08:42]} 54. Kg2
{[%clk 0:03:54]} Rb3 {[%clk 0:09:06]} 55. Ra8 {[%clk 0:03:58]} h5
{[%clk 0:08:25]} 56. Rg8+ {[%clk 0:03:31]} Kh7 {[%clk 0:08:50]} 57. Rg3
{[%clk 0:02:21]} Rxg3+ {[%clk 0:07:57]} 58. Kxg3 {[%clk 0:02:49]} Kg7
{[%clk 0:08:24]} 59. Kh3 {[%clk 0:02:56]} Kf7 {[%clk 0:08:51]} 60. Kh4
{[%clk 0:03:25]} Ke6 {[%clk 0:09:17]} 61. Kxh5 {[%clk 0:03:53]} Kd5
{[%clk 0:09:38]} 62. Kh4 {[%clk 0:04:07]} Ke4 {[%clk 0:10:04]} 63. Kg3
{[%clk 0:04:33]} Ke3 {[%clk 0:10:32]} 64. Kg2 {[%clk 0:05:01]} Kxf4
{[%clk 0:10:55]} 65. Kf2 {[%clk 0:05:28]} Ke4 {[%clk 0:11:22]} 66. Ke2
{[%clk 0:05:52]} f4 {[%clk 0:11:44]} 67. Kf2 {[%clk 0:06:21]} f3 {[%clk 0:11:56]}
68. Kf1 {[%clk 0:06:47]} Ke3 {[%clk 0:12:22]} 0-1

[Event "EYCC 2024 - G16"]
[Site "?"]
[Date "2024.08.26"]
[Round "5.4"]
[White "Abdinova, Narmin"]
[Black "Li Chen, Helena Joana"]
[Result "1/2-1/2"]
[BlackElo "2057"]
[WhiteElo "2244"]
[LiveChessVersion "1.4.8"]

1. e4 {[%clk 1:30:33]} c5 {[%clk 1:30:47]} 2. Nf3 {[%clk 1:30:31]} e6
{[%clk 1:31:12]} 3. b3 {[%clk 1:30:49]} b6 {[%clk 1:31:25]} 4. Bb2
{[%clk 1:28:49]} Bb7 {[%clk 1:31:48]} 5. Qe2 {[%clk 1:18:08]} Nf6
{[%clk 1:30:56]} 6. Nc3 {[%clk 1:17:18]} Be7 {[%clk 1:22:19]} 7. e5
{[%clk 1:13:57]} Nd5 {[%clk 1:22:40]} 8. Nxd5 {[%clk 1:12:45]} Bxd5
{[%clk 1:22:57]} 9. g3 {[%clk 1:00:55]} Qc7 {[%clk 1:17:32]} 10. Bg2
{[%clk 0:59:16]} Qb7 {[%clk 1:16:12]} 11. c4 {[%clk 0:55:49]} Bc6
{[%clk 1:16:23]} 12. O-O {[%clk 0:56:17]} O-O {[%clk 1:13:28]} 13. Rfd1
{[%clk 0:53:27]} d5 {[%clk 1:09:00]} 14. exd6 {[%clk 0:52:52]} Bxd6
{[%clk 1:09:24]} 15. Nh4 {[%clk 0:47:43]} Bxg2 {[%clk 1:07:13]} 16. Nxg2
{[%clk 0:47:33]} Nc6 {[%clk 1:06:37]} 17. d4 {[%clk 0:44:52]} cxd4
{[%clk 1:04:07]} 18. Bxd4 {[%clk 0:45:13]} Nxd4 {[%clk 1:04:05]} 19. Rxd4
{[%clk 0:45:42]} Bc5 {[%clk 1:03:46]} 20. Rd3 {[%clk 0:45:15]} Rfd8
{[%clk 0:57:04]} 21. Rad1 {[%clk 0:45:27]} Be7 {[%clk 0:56:38]} 22. Nf4
{[%clk 0:41:05]} Qc6 {[%clk 0:55:18]} 23. Nd5 {[%clk 0:29:35]} Qb7
{[%clk 0:53:51]} 24. Nc3 {[%clk 0:29:59]} h6 {[%clk 0:53:18]} 25. Qe4
{[%clk 0:28:13]} Qxe4 {[%clk 0:53:12]} 26. Nxe4 {[%clk 0:28:38]} Rxd3
{[%clk 0:52:12]} 27. Rxd3 {[%clk 0:29:06]} Rd8 {[%clk 0:52:34]} 28. Rxd8+
{[%clk 0:28:20]} Bxd8 {[%clk 0:53:00]} 29. Nd6 {[%clk 0:27:16]} a5
{[%clk 0:52:19]} 30. f4 {[%clk 0:24:15]} Kf8 {[%clk 0:51:13]} 31. a3
{[%clk 0:21:38]} Be7 {[%clk 0:50:12]} 32. Nb5 {[%clk 0:21:33]} Bc5+
{[%clk 0:48:56]} 33. Kg2 {[%clk 0:21:27]} Ke7 {[%clk 0:48:24]} 34. Kf3
{[%clk 0:21:41]} h5 {[%clk 0:40:20]} 35. h3 {[%clk 0:19:06]} g6 {[%clk 0:37:36]}
36. a4 {[%clk 0:18:20]} f5 {[%clk 0:35:00]} 37. Nc3 {[%clk 0:16:39]} Bd4
{[%clk 0:33:52]} 38. Nb5 {[%clk 0:14:39]} Bf6 {[%clk 0:32:44]} 39. Ke3
{[%clk 0:12:19]} Kd7 {[%clk 0:30:58]} 40. Nd4 {[%clk 0:08:40]} e5
{[%clk 0:30:23]} 41. fxe5 {[%clk 0:08:18]} Bxe5 {[%clk 0:30:44]} 42. Ne2
{[%clk 0:08:25]} g5 {[%clk 0:25:34]} 43. h4 {[%clk 0:08:52]} Bxg3
{[%clk 0:25:48]} 44. hxg5 {[%clk 0:08:33]} Be5 {[%clk 0:26:01]} 45. Kf3
{[%clk 0:06:29]} Ke6 {[%clk 0:24:15]} 46. Nc1 {[%clk 0:06:21]} h4
{[%clk 0:23:05]} 47. Nd3 {[%clk 0:06:26]} Bd6 {[%clk 0:20:12]} 48. Kg2
{[%clk 0:06:46]} f4 {[%clk 0:20:22]} 49. Kh3 {[%clk 0:06:59]} Kf5
{[%clk 0:20:47]} 50. Kxh4 {[%clk 0:06:38]} Be7 {[%clk 0:21:13]} 51. Kh3
{[%clk 0:06:21]} Kxg5 {[%clk 0:19:36]} 52. Kg2 {[%clk 0:06:48]} Kf5
{[%clk 0:19:54]} 53. Kf3 {[%clk 0:07:00]} Bd6 {[%clk 0:20:11]} 54. Nf2
{[%clk 0:04:40]} Ke5 {[%clk 0:20:10]} 55. Ne4 {[%clk 0:04:52]} Bb4
{[%clk 0:19:38]} 56. Ng5 Bd2 {[%clk 0:19:11]} 57. Ke2 {[%clk 0:02:06]} Be3
{[%clk 0:19:09]} 58. Kd3 {[%clk 0:02:32]} Kf5 {[%clk 0:18:40]} 59. Nf3
{[%clk 0:02:45]} Kg4 {[%clk 0:18:59]} 60. Ke4 {[%clk 0:02:34]} Kg3
{[%clk 0:19:18]} 61. Ne5 {[%clk 0:02:26]} Kf2 {[%clk 0:18:59]} 62. Nd3+
{[%clk 0:02:36]} Ke2 {[%clk 0:18:47]} 63. Nxf4+ {[%clk 0:02:36]} Bxf4
{[%clk 0:18:50]} 64. Kxf4 {[%clk 0:03:04]} Kd3 {[%clk 0:19:14]} 65. Ke5
{[%clk 0:03:29]} Kc3 {[%clk 0:19:40]} 66. Kd5 {[%clk 0:03:47]} Kxb3
{[%clk 0:17:35]} 67. c5 {[%clk 0:04:01]} bxc5 {[%clk 0:17:51]} 68. Kxc5
{[%clk 0:04:28]} Kxa4 {[%clk 0:18:14]} 69. Kc4 {[%clk 0:04:53]} Ka3
{[%clk 0:18:40]} 70. Kc3 {[%clk 0:05:21]} Ka2 {[%clk 0:19:03]} 71. Kc2
{[%clk 0:05:44]} a4 {[%clk 0:19:29]} 72. Kc1 {[%clk 0:05:59]} a3 {[%clk 0:19:49]}
73. Kc2 {[%clk 0:06:16]} Ka1 {[%clk 0:20:13]} 74. Kc1 {[%clk 0:06:37]} a2
{[%clk 0:20:40]} 75. Kc2 {[%clk 0:07:02]} 1/2-1/2

[Event "EYCC 2024 - G16"]
[Site "?"]
[Date "2024.08.26"]
[Round "5.5"]
[White "Sprzeczka, Emilia"]
[Black "Stankovic, Andrea"]
[Result "1/2-1/2"]
[BlackElo "1856"]
[WhiteElo "2149"]
[LiveChessVersion "1.4.8"]

1. e4 {[%clk 1:30:57]} c6 {[%clk 1:30:47]} 2. d4 {[%clk 1:31:09]} d5
{[%clk 1:30:30]} 3. e5 {[%clk 1:28:43]} Bf5 {[%clk 1:29:19]} 4. Nf3
{[%clk 1:29:02]} e6 {[%clk 1:29:03]} 5. Be2 {[%clk 1:29:09]} Nd7 {[%clk 1:22:11]}
6. O-O {[%clk 1:29:06]} Ne7 {[%clk 1:13:29]} 7. c3 {[%clk 1:26:14]} Bg6
{[%clk 0:59:05]} 8. Ne1 {[%clk 1:18:45]} c5 {[%clk 0:55:55]} 9. f4
{[%clk 1:15:19]} Nc6 {[%clk 0:48:45]} 10. g4 {[%clk 1:10:23]} Be4
{[%clk 0:37:56]} 11. Be3 {[%clk 1:02:35]} h5 {[%clk 0:34:01]} 12. f5
{[%clk 0:48:29]} Qb6 {[%clk 0:24:50]} 13. Nd2 {[%clk 0:42:10]} cxd4
{[%clk 0:21:11]} 14. cxd4 {[%clk 0:40:57]} Ncxe5 {[%clk 0:15:21]} 15. Nxe4
{[%clk 0:40:39]} dxe4 {[%clk 0:15:50]} 16. Ng2 {[%clk 0:34:13]} Nxg4
{[%clk 0:15:53]} 17. Bxg4 {[%clk 0:33:40]} hxg4 {[%clk 0:16:21]} 18. Qxg4
{[%clk 0:29:55]} Qd6 {[%clk 0:12:59]} 19. Qxe4 {[%clk 0:22:52]} Nf6
{[%clk 0:11:30]} 20. Qf3 {[%clk 0:17:21]} Qxh2+ {[%clk 0:11:04]} 21. Kf2
{[%clk 0:17:50]} Rh3 {[%clk 0:07:37]} 22. Qxb7 {[%clk 0:15:38]} Ng4+
{[%clk 0:05:43]} 23. Ke1 {[%clk 0:15:30]} Bb4+ {[%clk 0:04:17]} 24. Bd2
{[%clk 0:09:14]} Bxd2+ {[%clk 0:02:58]} 25. Kxd2 {[%clk 0:08:38]} Rb8
{[%clk 0:01:57]} 26. Qc6+ {[%clk 0:09:03]} Ke7 {[%clk 0:01:37]} 27. fxe6
{[%clk 0:08:33]} Nf6 {[%clk 0:00:46]} 28. Rh1 {[%clk 0:03:06]} Rxb2+
{[%clk 0:00:54]} 29. Kc1 {[%clk 0:03:31]} Qxg2 {[%clk 0:00:33]} 30. Qxg2
{[%clk 0:02:32]} Rxg2 {[%clk 0:00:59]} 31. Rxh3 {[%clk 0:02:58]} Kxe6
{[%clk 0:01:17]} 32. Rb1 {[%clk 0:02:51]} Rxa2 {[%clk 0:01:27]} 33. Rb5
{[%clk 0:02:07]} Nd5 {[%clk 0:01:06]} 34. Rh5 {[%clk 0:01:52]} f5
{[%clk 0:00:58]} 35. Rg5 {[%clk 0:01:10]} Kf6 {[%clk 0:01:05]} 36. Rg3
{[%clk 0:01:05]} Nf4 {[%clk 0:00:58]} 37. Kb1 {[%clk 0:00:48]} Rd2
{[%clk 0:00:44]} 38. Ra5 {[%clk 0:00:38]} Rxd4 {[%clk 0:00:57]} 39. Ra6+
{[%clk 0:00:49]} Ne6 {[%clk 0:01:01]} 40. Rxa7 {[%clk 0:00:38]} g5
{[%clk 0:01:09]} 41. Kc2 {[%clk 0:00:43]} f4 {[%clk 0:01:22]} 42. Rg1
{[%clk 0:00:51]} f3 {[%clk 0:01:08]} 43. Ra3 {[%clk 0:00:40]} Rf4
{[%clk 0:00:56]} 44. Kd2 {[%clk 0:00:44]} Kf5 {[%clk 0:00:38]} 45. Ke3
{[%clk 0:00:47]} g4 {[%clk 0:00:35]} 46. Ra5+ {[%clk 0:01:02]} Kf6
{[%clk 0:00:50]} 47. Rxg4 {[%clk 0:00:48]} Rxg4 {[%clk 0:00:52]} 48. Kxf3
{[%clk 0:01:14]} Rb4 {[%clk 0:01:09]} 49. Ke3 {[%clk 0:01:27]} Rb3+
{[%clk 0:01:10]} 50. Ke4 {[%clk 0:01:33]} Ng5+ {[%clk 0:01:30]} 51. Kd4
{[%clk 0:01:13]} Rg3 {[%clk 0:01:33]} 52. Ra6+ {[%clk 0:00:59]} Ne6+
{[%clk 0:01:21]} 53. Ke4 {[%clk 0:00:43]} Rg4+ {[%clk 0:01:30]} 54. Kf3
{[%clk 0:00:44]} Rb4 {[%clk 0:01:40]} 55. Ra5 {[%clk 0:00:47]} Nd4+
{[%clk 0:01:37]} 56. Ke3 {[%clk 0:00:48]} Ke6 {[%clk 0:01:33]} 57. Ra8
{[%clk 0:00:43]} Ke5 {[%clk 0:01:35]} 58. Re8+ {[%clk 0:00:47]} Ne6
{[%clk 0:01:59]} 59. Kd3 {[%clk 0:00:54]} Kd5 {[%clk 0:01:50]} 60. Rh8
{[%clk 0:00:59]} Rb3+ {[%clk 0:02:11]} 61. Kc2 {[%clk 0:00:55]} Rg3
{[%clk 0:01:59]} 62. Kd2 {[%clk 0:00:58]} Nf4 {[%clk 0:01:47]} 63. Rd8+
{[%clk 0:01:18]} Ke4 {[%clk 0:02:08]} 64. Ra8 {[%clk 0:01:16]} Rd3+
{[%clk 0:01:05]} 65. Kc2 {[%clk 0:01:27]} Nd5 {[%clk 0:00:48]} 66. Ra4+
{[%clk 0:01:28]} Ke3 {[%clk 0:01:05]} 67. Rh4 {[%clk 0:01:32]} Rc3+
{[%clk 0:01:04]} 68. Kb2 {[%clk 0:01:55]} Rc7 {[%clk 0:01:01]} 69. Rh3+
{[%clk 0:01:00]} Kd2 {[%clk 0:01:04]} 70. Kb3 {[%clk 0:01:00]} Ne3
{[%clk 0:01:08]} 71. Kb4 {[%clk 0:01:11]} Kd3 {[%clk 0:01:01]} 72. Kb5
{[%clk 0:01:11]} Kd4 {[%clk 0:00:56]} 73. Rh4+ {[%clk 0:01:18]} Ke5
{[%clk 0:01:12]} 74. Rh5+ {[%clk 0:01:29]} Nf5 {[%clk 0:01:18]} 75. Rh1
{[%clk 0:01:13]} Kd5 {[%clk 0:01:08]} 76. Rh5 {[%clk 0:00:49]} Ke5
{[%clk 0:01:13]} 77. Kb6 {[%clk 0:00:39]} Rc3 {[%clk 0:01:10]} 78. Kb5
{[%clk 0:00:45]} Ke4 {[%clk 0:01:14]} 79. Kb4 {[%clk 0:00:55]} Rc7
{[%clk 0:01:29]} 80. Rh8 {[%clk 0:01:05]} Nd6 {[%clk 0:01:11]} 81. Rh4+
{[%clk 0:00:51]} Kd5 {[%clk 0:01:32]} 82. Rh5+ {[%clk 0:01:03]} Kd4
{[%clk 0:01:52]} 83. Rh4+ {[%clk 0:01:26]} Ne4 {[%clk 0:02:14]} 84. Kb5
{[%clk 0:01:36]} Rc5+ {[%clk 0:01:53]} 85. Kb6 {[%clk 0:01:50]} Re5
{[%clk 0:02:02]} 86. Kc6 {[%clk 0:02:04]} Kc4 {[%clk 0:02:10]} 87. Rh6
{[%clk 0:01:35]} Rf5 {[%clk 0:01:07]} 88. Rg6 {[%clk 0:01:17]} Rc5+
{[%clk 0:01:04]} 89. Kd7 {[%clk 0:00:51]} Ra5 {[%clk 0:00:53]} 90. Rg4
{[%clk 0:00:41]} Kd5 {[%clk 0:01:07]} 91. Kc7 {[%clk 0:00:50]} Ra6
{[%clk 0:00:42]} 92. Rh4 {[%clk 0:00:46]} Nf6 {[%clk 0:00:47]} 93. Rh1
{[%clk 0:00:55]} Rc6+ {[%clk 0:00:54]} 94. Kb7 {[%clk 0:01:07]} Kd6
{[%clk 0:00:54]} 95. Rh6 {[%clk 0:01:03]} Kd7 {[%clk 0:00:59]} 96. Rh1
{[%clk 0:01:10]} Rd6 {[%clk 0:01:02]} 97. Rh6 {[%clk 0:01:13]} Rc6
{[%clk 0:00:48]} 98. Rh1 {[%clk 0:01:23]} Rd6 {[%clk 0:00:43]} 99. Rh6
{[%clk 0:01:45]} Kd8 {[%clk 0:00:53]} 100. Rh1 {[%clk 0:01:54]} Nd5
{[%clk 0:00:40]} 101. Rh8+ {[%clk 0:02:14]} Kd7 {[%clk 0:01:02]} 1/2-1/2

[Event "EYCC 2024 - G16"]
[Site "?"]
[Date "2024.08.26"]
[Round "5.6"]
[White "Slusarczyk, Anna"]
[Black "Moskalets, Sofiia"]
[Result "1/2-1/2"]
[BlackElo "2119"]
[WhiteElo "1997"]
[LiveChessVersion "1.4.8"]

1. d4 {[%clk 1:30:59]} Nf6 {[%clk 1:30:54]} 2. c4 {[%clk 1:31:24]} g6
{[%clk 1:31:20]} 3. Nc3 {[%clk 1:31:50]} Bg7 {[%clk 1:31:45]} 4. e4
{[%clk 1:32:13]} d6 {[%clk 1:32:06]} 5. Be2 {[%clk 1:32:36]} O-O {[%clk 1:32:27]}
6. Be3 {[%clk 1:33:02]} e5 {[%clk 1:32:33]} 7. d5 {[%clk 1:33:26]} a5
{[%clk 1:31:22]} 8. h4 {[%clk 1:33:03]} Na6 {[%clk 1:26:02]} 9. g4
{[%clk 1:27:13]} Nc5 {[%clk 1:25:33]} 10. f3 {[%clk 1:27:20]} h5 {[%clk 1:19:06]}
11. g5 {[%clk 1:27:39]} Ne8 {[%clk 1:16:37]} 12. Qd2 {[%clk 1:24:56]} Bd7
{[%clk 1:12:48]} 13. Bxc5 {[%clk 1:19:34]} dxc5 {[%clk 1:13:13]} 14. O-O-O
{[%clk 1:19:48]} Nd6 {[%clk 1:10:57]} 15. a4 {[%clk 1:14:29]} f6 {[%clk 1:02:15]}
16. Nh3 {[%clk 0:58:54]} Bxh3 {[%clk 0:53:03]} 17. Rxh3 {[%clk 0:55:10]} fxg5
{[%clk 0:53:25]} 18. hxg5 {[%clk 0:54:45]} Rf4 {[%clk 0:52:57]} 19. Rg1
{[%clk 0:53:47]} Bf8 {[%clk 0:44:22]} 20. Bd3 {[%clk 0:51:09]} Qd7
{[%clk 0:42:08]} 21. Qh2 {[%clk 0:48:54]} Bg7 {[%clk 0:41:16]} 22. b3
{[%clk 0:45:37]} Raf8 {[%clk 0:35:18]} 23. Be2 {[%clk 0:40:01]} Qc8
{[%clk 0:32:40]} 24. Nd1 {[%clk 0:38:07]} c6 {[%clk 0:31:07]} 25. Ne3
{[%clk 0:37:10]} b5 {[%clk 0:25:43]} 26. dxc6 {[%clk 0:33:04]} bxa4
{[%clk 0:25:56]} 27. Nd5 {[%clk 0:33:12]} Qb8 {[%clk 0:24:20]} 28. Nf6+
{[%clk 0:20:20]} Kf7 {[%clk 0:09:27]} 29. Nd7 {[%clk 0:19:23]} Qb4
{[%clk 0:09:24]} 30. Nxf8 {[%clk 0:16:48]} Qc3+ {[%clk 0:09:35]} 31. Kb1
{[%clk 0:15:16]} Qxb3+ {[%clk 0:08:24]} 32. Ka1 {[%clk 0:10:15]} Qa3+
{[%clk 0:08:50]} 33. Kb1 {[%clk 0:10:40]} Qb3+ {[%clk 0:09:15]} 34. Ka1
{[%clk 0:11:02]} Qc3+ {[%clk 0:06:45]} 35. Ka2 {[%clk 0:06:57]} Qc2+
{[%clk 0:05:06]} 36. Ka1 {[%clk 0:07:18]} Qc3+ {[%clk 0:05:17]} 37. Ka2
{[%clk 0:07:42]} Qc2+ {[%clk 0:04:33]} 38. Ka1 {[%clk 0:08:07]} 1/2-1/2